| 000 | 00511nam a22002051 4500 | ||
|---|---|---|---|
| 001 | 3114036 | ||
| 005 | 20180110072457.0 | ||
| 008 | 711207s1965 nyua b 000 0 eng | ||
| 010 | _a 65011526 | ||
| 040 |
_aDLC _cDLC _dDLC |
||
| 041 | _aeng | ||
| 080 | _a546.3 EBB | ||
| 082 | 0 | 0 | _a546.3 EBB |
| 100 | 1 | _a12 | |
| 101 | _aKIM | ||
| 245 | 1 | 0 |
_aTransitional elements _c[by] Edwin M. Larsen. |
| 504 | _aBibliography: p. 174-175. | ||
| 906 |
_a7 _bcbc _corignew _du _eocip _f19 _gy-gencatlg |
||
| 942 |
_2ddc _cBK |
||
| 999 |
_c39990 _d39990 |
||